[Event "chess.com IoM Masters"]
[Site "Douglas ENG"]
[Date "2016.10.08"]
[Round "8.1"]
[White "Eljanov, Pavel"]
[Black "Caruana, Fabiano"]
[Result "1/2-1/2"]
[WhiteTitle "GM"]
[BlackTitle "GM"]
[WhiteElo "2741"]
[BlackElo "2813"]
[WhiteFideId "14102951"]
[BlackFideId "2020009"]
[EventDate "2016.10.01"]

1. d4 Nf6 2. Nf3 d5 3. c4 e6 4. Nc3 dxc4 5. e3 a6 6. a4 c5 7. Bxc4 Nc6 8. O-O
Be7 9. Qe2 cxd4 10. Rd1 e5 11. exd4 exd4 12. Nxd4 Nxd4 13. Qe5 Qd6 14. Qxd4 Qxd4
15. Rxd4 Bc5 16. Rd1 O-O 17. h3 Be6 18. Bxe6 fxe6 19. Kf1 Nd5 20. f3 Nxc3 21.
bxc3 Rac8 22. Rb1 b6 23. Re1 Rc6 24. Re4 Rd8 25. Bf4 Kf7 26. Be5 Rd2 27. Rg4 g6
28. Ke1 Rd5 29. Rf4+ Ke7 30. Re4 Bd6 31. Bd4 1/2-1/2

[Event "chess.com IoM Masters"]
[Site "Douglas ENG"]
[Date "2016.10.08"]
[Round "8.4"]
[White "Rodshtein, Maxim"]
[Black "Grandelius, Nils"]
[Result "1-0"]
[WhiteTitle "GM"]
[BlackTitle "GM"]
[WhiteElo "2687"]
[BlackElo "2642"]
[WhiteFideId "2806851"]
[BlackFideId "1710400"]
[EventDate "2016.10.01"]

1. c4 e6 2. Nf3 d5 3. g3 dxc4 4. Qa4+ Nd7 5. Qxc4 a6 6. Bg2 b5 7. Qc6 Rb8 8. Qc2
Bb7 9. O-O c5 10. a4 Ngf6 11. d3 Bd6 12. Nc3 Qb6 13. axb5 axb5 14. e4 O-O 15. h3
c4 16. dxc4 bxc4 17. Rd1 Ne5 18. Nxe5 Bxe5 19. Be3 Qc6 20. Ra5 Nd7 21. Nb5 Ba8
22. Nd4 Qc7 23. Rda1 Qd6 24. Ra6 Qb4 25. R6a4 Qb6 26. Ra6 Qb4 27. R1a4 Qe7 28.
Rxc4 Nb6 29. Nc6 Bxc6 30. Rxb6 Bb5 31. Rxb8 Bxb8 32. Bc5 Qd7 33. Bxf8 Bxc4 34.
Bc5 Bb5 35. Qc3 h5 36. Bd4 f6 37. h4 Bd6 38. e5 fxe5 39. Bxe5 Bf8 40. Bf3 Qf7
41. Be4 Qd7 42. Qf3 Qd2 43. Bg6 1-0

[Event "chess.com IoM Masters"]
[Site "Douglas ENG"]
[Date "2016.10.08"]
[Round "8.5"]
[White "Howell, David W L"]
[Black "Vidit, Santosh Gujrathi"]
[Result "1/2-1/2"]
[WhiteTitle "GM"]
[BlackTitle "GM"]
[WhiteElo "2644"]
[BlackElo "2686"]
[WhiteFideId "410608"]
[BlackFideId "5029465"]
[EventDate "2016.10.01"]

1. e4 c5 2. Nf3 Nc6 3. c3 Nf6 4. e5 Nd5 5. Bc4 Nb6 6. Bb3 d5 7. exd6 Qxd6 8. Na3
a6 9. O-O Bf5 10. d4 cxd4 11. Nxd4 Nxd4 12. cxd4 e6 13. Qf3 Qd7 14. d5 Nxd5 15.
Rd1 Bxa3 16. bxa3 O-O 17. h4 Rac8 18. Bxd5 exd5 19. Rxd5 Qe8 20. Rxf5 Qe1+ 21.
Kh2 Rxc1 22. Rxc1 Qxc1 23. Qxb7 Qxa3 24. Qd5 Qe7 25. Qc4 Re8 26. a4 g6 27. Rf4
Qe6 28. Qd3 h5 29. g3 Qc6 30. Rc4 Qf6 1/2-1/2

[Event "chess.com IoM Masters"]
[Site "Douglas ENG"]
[Date "2016.10.08"]
[Round "8.6"]
[White "Naiditsch, Arkadij"]
[Black "Sunilduth Lyna, Narayanan"]
[Result "1-0"]
[WhiteTitle "GM"]
[BlackTitle "GM"]
[WhiteElo "2684"]
[BlackElo "2536"]
[WhiteFideId "4650891"]
[BlackFideId "5058422"]
[EventDate "2016.10.01"]

1. e4 c5 2. Nf3 d6 3. d4 cxd4 4. Nxd4 Nf6 5. Nc3 a6 6. g3 e5 7. Nb3 Be7 8. Bg2
O-O 9. O-O Be6 10. a4 Qc7 11. Re1 Nbd7 12. Nd2 Qc5 13. Nf1 Bd8 14. h3 Ba5 15.
Be3 Qc7 16. Bd2 Rac8 17. Ne3 Rfe8 18. g4 h6 19. Nf5 Nf8 20. Qf3 N6h7 21. Red1
Bb6 22. a5 Ba7 23. Be3 Bxe3 24. Qxe3 Red8 25. Qb6 Qxb6 26. axb6 Rd7 27. Rd2 Rc6
28. Na4 Bc4 29. Rad1 Bb5 30. Nc3 g6 31. Rxd6 Rxc3 32. bxc3 gxf5 33. exf5 Nf6 34.
c4 Bxc4 35. Bxb7 Rxb7 36. Rxf6 Kg7 37. Rfd6 Bb5 38. Rc1 Bc4 39. Rb1 Bb5 40. Rc1
Bc4 41. Rb1 Bb5 42. h4 Nd7 43. c4 Bxc4 44. Rxd7 Rxd7 45. b7 Rxb7 46. Rxb7 Be2
47. Rb3 e4 48. Rg3 Kf6 49. g5+ hxg5 50. Rxg5 a5 51. Kh2 a4 52. Rg8 Kxf5 53. Kg3
f6 54. Ra8 Bd1 55. Ra5+ Kg6 56. Kf4 Bc2 57. Ra6 Kg7 58. Rc6 Bb1 59. Rc1 Bd3 60.
Rc3 Bb1 61. Kg4 Kg6 62. h5+ Kh6 63. Rc6 Kg7 64. Rc7+ Kh8 65. Ra7 Bc2 66. h6 e3
67. fxe3 Bg6 68. Rxa4 Kh7 69. Rf4 1-0

[Event "chess.com IoM Masters"]
[Site "Douglas ENG"]
[Date "2016.10.08"]
[Round "8.7"]
[White "Shirov, Alexei"]
[Black "Harika, Dronavalli"]
[Result "1-0"]
[WhiteTitle "GM"]
[BlackTitle "GM"]
[WhiteElo "2679"]
[BlackElo "2528"]
[WhiteFideId "2209390"]
[BlackFideId "5015197"]
[EventDate "2016.10.01"]

1. e4 e6 2. d4 d5 3. Nc3 Bb4 4. e5 c5 5. a3 Bxc3+ 6. bxc3 Ne7 7. Nf3 Qa5 8. Bd2
Nbc6 9. a4 Bd7 10. Bb5 a6 11. Bd3 c4 12. Be2 h6 13. O-O O-O-O 14. Bc1 Kb8 15.
Ba3 Nc8 16. Qd2 Ka8 17. Nh4 Rdg8 18. g3 Nb8 19. f4 g6 20. Ng2 Bc6 21. Ne3 Nd7
22. Bf3 Qc7 23. a5 h5 24. Bb4 Rd8 25. Qg2 Nb8 26. Rfb1 h4 27. g4 f6 28. Rf1 g5
29. f5 fxe5 30. fxe6 e4 31. Bxe4 h3 32. Qe2 dxe4 33. Rf7 Nd7 34. Raf1 Rhe8 35.
Qxc4 Nd6 36. Bxd6 Qxd6 37. exd7 Rxd7 38. R1f6 Qc7 39. Rxd7 Qxd7 40. Qc5 Qc8 41.
c4 Qb8 42. c3 Rg8 43. d5 Ba4 44. Rf7 Rc8 45. Qb6 Rf8 46. Rc7 Rf3 47. d6 Bc6 48.
d7 Rf8 49. Qc5 Bxd7 50. Nd5 1-0

[Event "chess.com IoM Masters"]
[Site "Douglas ENG"]
[Date "2016.10.08"]
[Round "8.8"]
[White "Donchenko, Alexander"]
[Black "Melkumyan, Hrant"]
[Result "1/2-1/2"]
[WhiteTitle "GM"]
[BlackTitle "GM"]
[WhiteElo "2581"]
[BlackElo "2653"]
[WhiteFideId "24603295"]
[BlackFideId "13302485"]
[EventDate "2016.10.01"]

1. d4 d5 2. c4 c6 3. Nf3 Nf6 4. e3 Bg4 5. h3 Bf5 6. g4 Bg6 7. Ne5 e6 8. Nd2 Nbd7
9. Nxg6 hxg6 10. Bg2 dxc4 11. Nxc4 Bb4+ 12. Bd2 Bxd2+ 13. Qxd2 Nb6 14. Ne5 Nfd7
15. Nd3 Qe7 16. Qa5 g5 17. O-O-O Nd5 18. Kb1 N7b6 19. Rc1 Nd7 20. Ka1 Qd6 21.
Rc4 N7b6 22. Rcc1 Nd7 23. Rc4 Kf8 24. Rcc1 g6 25. Ne1 Kg7 26. Nf3 Qe7 27. Nd2
N7f6 28. Nf3 Nd7 29. Nd2 a6 30. Nb3 Rab8 31. Qd2 Qb4 32. Qxb4 Nxb4 33. a3 Nd5
34. Na5 f5 35. Kb1 Rh4 36. Bf3 Kf6 37. b4 N7b6 38. Kc2 Rh7 39. Bg2 Rbh8 40. Kd2
Rd8 41. Ke2 Nc8 42. Nc4 Nde7 43. Rc2 Rh4 44. Ne5 Nd6 45. Rb1 Nd5 46. Rg1 Rh7 47.
Rb1 Nb5 48. Ra1 Nf4+ 49. Kf1 Nxg2 50. Kxg2 Rdh8 51. a4 Nc7 52. Rh1 Nd5 53. Rb2
Nc3 54. a5 Nd5 55. Rb3 Kg7 56. Rbb1 Kf6 57. Rb3 Nc7 58. Rbb1 Nb5 59. Rbc1 Nd6
60. Rce1 Rd8 61. Nd3 Rh4 62. Ne5 Ne4 63. Nd3 Nd6 64. Kg3 Rh7 65. Nc5 Ne4+ 66.
Nxe4+ fxe4 67. Rc1 Rd5 68. Rc5 e5 69. Rxd5 cxd5 70. dxe5+ Kxe5 71. Rc1 Rf7 72.
Rc8 Kd6 73. Rg8 Rf3+ 74. Kg2 Rf6 75. Rc8 Rf7 76. Rg8 Rf6 77. Rc8 Kd7 78. Rc5 Ke6
79. Rc7 Rf7 80. Rc8 Kd7 81. Rc5 Kd6 82. Rc8 Rf6 83. Kg3 Rf3+ 1/2-1/2

[Event "chess.com IoM Masters"]
[Site "Douglas ENG"]
[Date "2016.10.08"]
[Round "8.9"]
[White "Leko, Peter"]
[Black "Wallace, John Paul"]
[Result "1/2-1/2"]
[WhiteTitle "GM"]
[BlackTitle "IM"]
[WhiteElo "2709"]
[BlackElo "2355"]
[WhiteFideId "703303"]
[BlackFideId "3200957"]
[EventDate "2016.10.01"]

1. e4 c5 2. Nf3 d6 3. d4 cxd4 4. Nxd4 Nf6 5. Nc3 a6 6. h3 e6 7. g4 h6 8. Bg2 Be7
9. h4 Nc6 10. g5 hxg5 11. hxg5 Rxh1+ 12. Bxh1 Nh7 13. f4 Nxd4 14. Qxd4 e5 15.
fxe5 Nxg5 16. Nd5 Ne6 17. Qg1 Bh4+ 18. Kd1 dxe5 19. c3 Bd7 20. Qh2 Ba4+ 21. b3
Bc6 22. Qxe5 Bf6 23. Qg3 Rc8 24. Bd2 Bg5 25. Kc2 Bxd2 26. Kxd2 Qg5+ 27. Qxg5
Nxg5 28. c4 Kf8 29. Kd3 f6 30. Bg2 Nf7 31. Kd4 Ne5 32. Rh1 Kf7 33. Bf1 Nf3+ 34.
Ke3 Ng5 35. Bg2 Re8 36. Kd3 Ne6 37. Rf1 Nc5+ 38. Kd4 Ne6+ 39. Ke3 a5 40. Rf5 Ng5
41. Kd4 Ne6+ 42. Ke3 Ng5 43. a3 Bd7 44. Rf2 Bc6 45. Kd3 Ne6 46. b4 axb4 47. axb4
Ra8 48. c5 Bb5+ 49. Kc3 Ra3+ 50. Kb2 Rg3 51. Nc3 Bc6 52. Bf1 Re3 53. Bc4 Bxe4
54. Nd5 Bxd5 55. Bxd5 Re5 56. Rd2 Ke7 57. Kb3 Nd8 58. Ka4 f5 59. Kb5 f4 60. Kb6
g5 61. Bf3 Re3 62. Bh5 Re6+ 63. Ka7 Nc6+ 64. Kxb7 Nxb4 65. Bg4 Rc6 66. Rd4 Rxc5
67. Rxb4 Kd6 68. Kb6 1/2-1/2

[Event "chess.com IoM Masters"]
[Site "Douglas ENG"]
[Date "2016.10.08"]
[Round "8.10"]
[White "Shyam, Sundar M."]
[Black "Fressinet, Laurent"]
[Result "1/2-1/2"]
[WhiteTitle "GM"]
[BlackTitle "GM"]
[WhiteElo "2552"]
[BlackElo "2676"]
[WhiteFideId "5019141"]
[BlackFideId "608742"]
[EventDate "2016.10.01"]

1. e4 c5 2. Nf3 Nc6 3. Bb5 g6 4. O-O Bg7 5. Nc3 e5 6. a3 Nge7 7. b4 d6 8. bxc5
dxc5 9. a4 O-O 10. Ba3 b6 11. Nd5 Nd4 12. Nxd4 exd4 13. Nxe7+ Qxe7 14. d3 Be6
15. Ba6 Rab8 16. f4 f5 17. Qf3 Kh8 18. Rae1 Qd6 19. e5 Qd7 20. Bb5 Qf7 21. Qe2
Qc7 22. Rb1 Rfd8 23. Rfe1 Bf8 24. Bc4 Qc6 25. Bb5 Qc8 26. Bc1 Be7 27. Bd2 Rg8
28. Qf3 Rd8 29. Bc4 Qd7 30. Bb5 Qc8 31. Bc4 Qd7 32. Bb5 Qc8 1/2-1/2

[Event "chess.com IoM Masters"]
[Site "Douglas ENG"]
[Date "2016.10.08"]
[Round "8.11"]
[White "Sargissian, Gabriel"]
[Black "Shvayger, Yuliya"]
[Result "1-0"]
[WhiteTitle "GM"]
[BlackTitle "WIM"]
[WhiteElo "2670"]
[BlackElo "2405"]
[WhiteFideId "13300881"]
[BlackFideId "14100126"]
[EventDate "2016.10.01"]

1. Nf3 d5 2. g3 Nf6 3. Bg2 g6 4. b3 Bg7 5. Bb2 O-O 6. c4 c6 7. O-O a5 8. d3 a4
9. Nbd2 a3 10. Bc3 c5 11. cxd5 Nxd5 12. Bxg7 Kxg7 13. Qc1 Qa5 14. Nc4 Qb4 15.
Ne1 e6 16. Nc2 Qc3 17. N2xa3 Nc6 18. Nb5 Qb4 19. Qb2+ f6 20. a4 Nd4 21. Nxd4
cxd4 22. Qxd4 Nc3 23. Bf3 Qxb3 24. Ra3 Nb5 1-0

[Event "chess.com IoM Masters"]
[Site "Douglas ENG"]
[Date "2016.10.08"]
[Round "8.12"]
[White "Salem, A.R. Saleh"]
[Black "Svane, Rasmus"]
[Result "1-0"]
[WhiteTitle "GM"]
[BlackTitle "GM"]
[WhiteElo "2650"]
[BlackElo "2552"]
[WhiteFideId "9301348"]
[BlackFideId "4657101"]
[EventDate "2016.10.01"]

1. e4 e6 2. d4 d5 3. Nc3 Nf6 4. e5 Nfd7 5. f4 c5 6. Nf3 Nc6 7. Be3 Be7 8. Qd2 a6
9. dxc5 Nxc5 10. a3 O-O 11. Qf2 Qa5 12. O-O-O Nd7 13. Bd3 b5 14. Nd4 Qc7 15. Nf5
exf5 16. Nxd5 Qa5 17. Bd2 Bc5 18. Nf6+ Nxf6 19. Qxc5 Qc7 20. exf6 Be6 21. g4
Rfd8 22. gxf5 Rd5 23. Qg1 g6 24. fxe6 Rxd3 25. Qc5 Qd6 26. Qg5 Rh3 27. exf7+
Kxf7 28. Bc3 Qe6 29. Rhe1 Re3 30. f5 1-0

[Event "chess.com IoM Masters"]
[Site "Douglas ENG"]
[Date "2016.10.08"]
[Round "8.13"]
[White "Granda Zuniga, Julio E"]
[Black "Batsiashvili, Nino"]
[Result "1-0"]
[WhiteTitle "GM"]
[BlackTitle "IM"]
[WhiteElo "2648"]
[BlackElo "2480"]
[WhiteFideId "3800024"]
[BlackFideId "13602993"]
[EventDate "2016.10.01"]

1. e4 e5 2. Nf3 Nc6 3. Bb5 a6 4. Ba4 Nf6 5. O-O b5 6. Bb3 Be7 7. a4 b4 8. d4 d6
9. a5 O-O 10. d5 Na7 11. Re1 c6 12. Nbd2 Bb7 13. Nf1 Nb5 14. Be3 Qc8 15. Bg5
cxd5 16. exd5 h6 17. Bxf6 Bxf6 18. Re4 Nd4 19. Ne3 h5 20. Nxd4 exd4 21. Nc4 Qc7
22. Qxh5 Rae8 23. Qe2 Rxe4 24. Qxe4 Rd8 25. g3 Bc8 26. Nb6 Bh3 27. Bc4 g6 28.
Qf3 Kg7 29. Qb3 Bf5 30. Bd3 Re8 31. Qc4 Qc5 32. Bxf5 gxf5 33. Qd3 Re4 34. b3 Qc3
35. Rc1 Qxd3 36. cxd3 Re2 37. Rc6 Rb2 38. Nc4 Rxb3 39. Nxd6 Bd8 40. Nxf5+ Kh7
41. Rh6+ Kg8 42. Rxa6 Kh7 43. Rh6+ Kg8 44. Rb6 Kh7 45. Kg2 Rb1 46. Nxd4 Bxb6 47.
axb6 Re1 48. b7 Re8 49. d6 1-0

[Event "chess.com IoM Masters"]
[Site "Douglas ENG"]
[Date "2016.10.08"]
[Round "8.14"]
[White "Vishnu Prasanna, V"]
[Black "Gupta, Abhijeet"]
[Result "1/2-1/2"]
[WhiteTitle "GM"]
[BlackTitle "GM"]
[WhiteElo "2522"]
[BlackElo "2626"]
[WhiteFideId "5030692"]
[BlackFideId "5010608"]
[EventDate "2016.10.01"]

1. Nf3 Nf6 2. c4 g6 3. Nc3 d5 4. cxd5 Nxd5 5. e4 Nxc3 6. dxc3 Qxd1+ 7. Kxd1 f6
8. h4 h5 9. e5 Nc6 10. Bd3 Kf7 11. Re1 Bg4 12. Kc2 Rd8 13. Bf4 Bh6 14. Bxh6 Rxh6
15. Be4 Bxf3 16. e6+ Kg7 17. Bxf3 Rd6 18. Bxc6 Rxc6 19. Rad1 Rh8 20. Rd7 Re8 21.
f3 f5 22. b4 a6 23. a4 Kf6 24. g4 hxg4 25. fxg4 Rxe6 26. Rf1 Rc8 27. h5 Re4 28.
gxf5 gxh5 29. Rh1 h4 30. Kd3 Kxf5 31. Rd5+ e5 32. Rd7 Rf4 33. Rf7+ Ke6 34. Rxf4
exf4 35. Rxh4 Rf8 36. Ke2 c6 37. Rh5 Rf5 38. Rh7 Rf7 39. Rh5 Rf5 40. Rh7 Rf7 41.
Rh5 f3+ 42. Kf2 Kd6 43. a5 Rf6 44. Rg5 Rf7 45. Rh5 Kc7 46. Rg5 Rf4 47. Rg7+ Kb8
48. Rg8+ Ka7 49. Rg5 b5 50. axb6+ Kxb6 51. Rg3 c5 52. Rxf3 Rxf3+ 53. Kxf3 cxb4
54. cxb4 Kb5 55. Ke2 Kxb4 56. Kd2 Kb3 57. Kc1 1/2-1/2

[Event "chess.com IoM Masters"]
[Site "Douglas ENG"]
[Date "2016.10.08"]
[Round "8.15"]
[White "Schroeder, Jan-Christian"]
[Black "Van Foreest, Jorden"]
[Result "1/2-1/2"]
[WhiteTitle "GM"]
[BlackTitle "GM"]
[WhiteElo "2514"]
[BlackElo "2615"]
[WhiteFideId "24662259"]
[BlackFideId "1039784"]
[EventDate "2016.10.01"]

1. e4 c5 2. Nf3 a6 3. c3 d5 4. exd5 Qxd5 5. d4 Nf6 6. Be3 cxd4 7. cxd4 e6 8. Nc3
Qd6 9. Bd3 Nc6 10. O-O Be7 11. a3 O-O 12. Rc1 Bd7 13. b4 Rfd8 14. Qb3 Be8 15.
Ne4 Qd5 16. Qb1 h6 17. Nc5 Ra7 18. Rfd1 Qh5 19. h3 Nd5 20. Bh7+ Kh8 21. Be4 Nxe3
22. fxe3 Bd6 23. Nxb7 Rxb7 24. Bxc6 Bxc6 25. Rxc6 a5 26. Qc2 Rbb8 27. bxa5 Qxa5
28. a4 Kg8 29. Kf2 g6 30. Rb1 Rxb1 31. Qxb1 Rb8 32. Qc2 Qd8 33. Qc1 h5 34. a5 h4
35. a6 Bg3+ 36. Ke2 Qa5 37. Qc3 Qa2+ 38. Nd2 Kh7 39. Qc4 Qa1 40. Qc1 Qa2 41. Qc4
Qa1 42. Qc1 1/2-1/2

[Event "chess.com IoM Masters"]
[Site "Douglas ENG"]
[Date "2016.10.08"]
[Round "8.16"]
[White "Puranik, Abhimanyu"]
[Black "L'Ami, Erwin"]
[Result "1/2-1/2"]
[WhiteTitle "IM"]
[BlackTitle "GM"]
[WhiteElo "2471"]
[BlackElo "2605"]
[WhiteFideId "5061245"]
[BlackFideId "1007998"]
[EventDate "2016.10.01"]

1. e4 e5 2. Nf3 Nc6 3. Bb5 Nf6 4. O-O Nxe4 5. Re1 Nd6 6. Nxe5 Be7 7. Bf1 Nxe5 8.
Rxe5 O-O 9. d4 Ne8 10. d5 Bc5 11. Be3 d6 12. Bxc5 dxc5 13. Qf3 Nd6 14. Nd2 Re8
15. Rae1 Rxe5 16. Rxe5 Bd7 17. Bd3 b6 18. g3 Qf8 19. Qf4 h6 20. Re3 Re8 21. Ne4
Nxe4 22. Rxe4 Qd6 23. Rxe8+ Bxe8 24. Qxd6 cxd6 25. f4 Bd7 26. Kf2 g6 27. Kf3 Kg7
28. g4 g5 29. Kg3 f6 30. c3 Be8 31. h4 a5 32. h5 Kf8 33. Kf3 Ke7 34. c4 a4 35.
a3 Kd8 36. f5 Kc7 37. Ke3 Kb7 38. Kd2 Ka6 39. Kc3 Ka5 40. Be2 b5 41. Bd3 b4+ 42.
Kd2 1/2-1/2

[Event "chess.com IoM Masters"]
[Site "Douglas ENG"]
[Date "2016.10.08"]
[Round "8.17"]
[White "Hemant, Sharma2"]
[Black "Aravindh, Chithambaram VR."]
[Result "0-1"]
[BlackTitle "GM"]
[WhiteElo "2371"]
[BlackElo "2564"]
[WhiteFideId "5025842"]
[BlackFideId "5072786"]
[EventDate "2016.10.01"]

1. Nf3 Nf6 2. g3 b6 3. Bg2 Bb7 4. c4 c5 5. b3 g6 6. Bb2 Bg7 7. O-O O-O 8. d4
cxd4 9. Na3 d6 10. Nxd4 Qc8 11. Bxb7 Qxb7 12. Qd3 Nbd7 13. Qf3 Ne4 14. Rad1 a6
15. Nac2 e5 16. Nf5 gxf5 17. Qxf5 b5 18. Ne3 Ndf6 19. Nd5 bxc4 20. f3 Nxd5 0-1

[Event "chess.com IoM Masters"]
[Site "Douglas ENG"]
[Date "2016.10.08"]
[Round "8.18"]
[White "Movsesian, Sergei"]
[Black "Illingworth, Max"]
[Result "1-0"]
[WhiteTitle "GM"]
[BlackTitle "GM"]
[WhiteElo "2677"]
[BlackElo "2465"]
[WhiteFideId "310204"]
[BlackFideId "3205207"]
[EventDate "2016.10.01"]

1. e4 e5 2. Nf3 Nc6 3. Bc4 Nf6 4. d3 Be7 5. O-O O-O 6. Re1 d6 7. a4 Kh8 8. h3
Ng8 9. Nc3 f5 10. Nd5 fxe4 11. dxe4 Nf6 12. Ng5 Nxd5 13. Nxh7 Nb6 14. Nxf8 Nxc4
15. Ng6+ Kh7 16. Qh5+ Kg8 17. f4 Nb6 18. Rf1 exf4 19. Bxf4 Bf6 20. Bg5 Nd7 21.
e5 Ndxe5 22. Bxf6 gxf6 23. Qh8+ Kf7 24. Qh7+ Ke8 25. Qg8+ Kd7 26. Nf8+ Ke7 27.
Qg7+ Ke8 28. Nh7 1-0

[Event "chess.com IoM Masters"]
[Site "Douglas ENG"]
[Date "2016.10.08"]
[Round "8.19"]
[White "Paehtz, Elisabeth"]
[Black "Hou, Yifan"]
[Result "0-1"]
[WhiteTitle "IM"]
[BlackTitle "GM"]
[WhiteElo "2459"]
[BlackElo "2649"]
[WhiteFideId "4641833"]
[BlackFideId "8602980"]
[EventDate "2016.10.01"]

1. e4 c5 2. Nf3 a6 3. c3 e6 4. d4 d5 5. exd5 exd5 6. Bg5 Qb6 7. Qb3 Qe6+ 8. Be2
Be7 9. dxc5 Bxc5 10. Nbd2 h6 11. Bf4 Ne7 12. Qd1 Nbc6 13. Nb3 Bb6 14. O-O Qf6
15. Qd2 O-O 16. Nbd4 Bg4 17. Be3 Bc7 18. Nxc6 bxc6 19. Bc5 Rfb8 20. Nd4 Bd7 21.
g3 a5 22. Rfe1 Ng6 23. b3 Bh3 24. Bf1 Bxf1 25. Kxf1 Ne5 26. Kg2 Re8 27. a4 Qg6
28. Re3 Nd7 29. Ba3 Re4 30. Qc2 f5 31. Rae1 Rae8 32. R3e2 f4 33. f3 Rxe2+ 34.
Rxe2 Rxe2+ 35. Qxe2 fxg3 36. Qe6+ Qxe6 37. Nxe6 Be5 38. Nd8 c5 39. Nc6 Bxc3 40.
Ne7+ Kf7 41. Nxd5 Bb4 42. Bb2 gxh2 43. Kxh2 g5 44. Ne3 Ke6 45. Nc4 Kf5 46. Kg2
Nb8 47. Be5 Nc6 48. Bc7 h5 49. Kg3 Ke6 50. Kf2 Kd5 51. Ke3 h4 52. Nb6+ Ke6 53.
Nc4 h3 54. Kf2 Kd5 55. Kg3 Kd4 56. Nd6 Kc3 57. Ne4+ Kxb3 58. Nxg5 c4 59. Ne4 c3
60. Nxc3 Bxc3 61. Kxh3 Kxa4 62. Kh4 Kb3 63. Bxa5 Nxa5 64. f4 Nc4 65. f5 Nd6 66.
f6 Bxf6+ 67. Kg4 Kc4 68. Kf4 Kd3 69. Kf3 Be5 70. Kf2 Ne4+ 71. Kf3 Ng3 72. Kf2
Ke4 73. Kg2 Ke3 74. Kg1 Kf3 75. Kh2 Bd4 76. Kh3 Bg1 77. Kh4 Ne4 78. Kh5 Kf4 79.
Kg6 Ng5 80. Kg7 Bc5 81. Kg6 Bd4 82. Kh5 Kf5 83. Kh6 Be5 84. Kh5 Bg3 85. Kh6 Ne6
86. Kh5 Ng7+ 87. Kh6 Kf6 88. Kh7 Bf4 89. Kg8 Kg6 90. Kf8 Bd6+ 91. Kg8 Nf5 0-1

[Event "chess.com IoM Masters"]
[Site "Douglas ENG"]
[Date "2016.10.08"]
[Round "8.20"]
[White "Tania, Sachdev"]
[Black "Meier, Georg"]
[Result "1/2-1/2"]
[WhiteTitle "IM"]
[BlackTitle "GM"]
[WhiteElo "2414"]
[BlackElo "2648"]
[WhiteFideId "5007844"]
[BlackFideId "4675789"]
[EventDate "2016.10.01"]

1. d4 Nf6 2. c4 e6 3. Nf3 d5 4. Nc3 dxc4 5. e4 Bb4 6. Bg5 h6 7. Bxf6 Qxf6 8.
Bxc4 c5 9. O-O cxd4 10. Nb5 Qe7 11. Qxd4 O-O 12. Nxa7 Bc5 13. Nxc8 Rxc8 14. Qd2
Nc6 15. Rfd1 Rd8 16. Qe2 Rxd1+ 17. Rxd1 Rd8 18. Rxd8+ Qxd8 19. Qd2 Qf6 20. Bb5
Ne5 21. Nxe5 Qxe5 22. Bd3 Qd4 23. g3 g6 24. Qe2 h5 25. h4 Kg7 26. Kg2 Bd6 27.
Qc2 Be5 28. a3 Qxb2 29. Qxb2 Bxb2 30. a4 Bd4 1/2-1/2

[Event "chess.com IoM Masters"]
[Site "Douglas ENG"]
[Date "2016.10.08"]
[Round "8.21"]
[White "Visakh, N R"]
[Black "Bachmann, Axel"]
[Result "1/2-1/2"]
[WhiteTitle "IM"]
[BlackTitle "GM"]
[WhiteElo "2456"]
[BlackElo "2645"]
[WhiteFideId "25012223"]
[BlackFideId "3700488"]
[EventDate "2016.10.01"]

1. e4 c5 2. Nf3 Nc6 3. Bb5 e6 4. O-O Nge7 5. c3 a6 6. Ba4 b5 7. Bc2 d5 8. d4
cxd4 9. exd5 Nxd5 10. Nxd4 Bb7 11. a4 Qb6 12. Nxc6 Qxc6 13. axb5 axb5 14. Rxa8+
Bxa8 15. Qg4 f5 16. Qg3 Kf7 17. Re1 Bd6 18. Qh3 Re8 19. Bd1 Kg8 20. Bf3 Qd7 21.
Rd1 Qf7 22. Bh5 g6 23. Be2 Bf4 24. Bxb5 Rb8 25. Bxf4 Nxf4 26. Qe3 g5 27. Bf1
Rxb2 28. h4 Qe7 29. hxg5 Qxg5 30. g3 Ne2+ 31. Bxe2 1/2-1/2

[Event "chess.com IoM Masters"]
[Site "Douglas ENG"]
[Date "2016.10.08"]
[Round "8.22"]
[White "Merry, Alan B"]
[Black "Lenderman, Aleksandr"]
[Result "0-1"]
[WhiteTitle "FM"]
[BlackTitle "GM"]
[WhiteElo "2388"]
[BlackElo "2593"]
[WhiteFideId "418811"]
[BlackFideId "2021285"]
[EventDate "2016.10.01"]

1. e4 e6 2. d4 d5 3. Nc3 Nf6 4. e5 Nfd7 5. f4 c5 6. Nf3 Be7 7. Be3 O-O 8. Qd2 b6
9. Nd1 a5 10. c3 Ba6 11. Bxa6 Nxa6 12. Qe2 a4 13. O-O Nc7 14. Bf2 Qc8 15. Ne3 f5
16. exf6 Nxf6 17. Bh4 Nce8 18. a3 Ra7 19. Rae1 Nd6 20. Bxf6 Bxf6 21. Ng4 Re7 22.
Nfe5 Bxe5 23. Qxe5 Qc6 24. Qg5 Ree8 25. Rf3 Ne4 26. Rxe4 dxe4 27. Rg3 Qd7 28.
Nf6+ Rxf6 29. Qxf6 cxd4 30. cxd4 e5 31. h4 exd4 32. h5 h6 33. Qxh6 e3 34. Qxb6
e2 35. h6 e1=Q+ 36. Kh2 Qxg3+ 37. Kxg3 d3 0-1

[Event "chess.com IoM Masters"]
[Site "Douglas ENG"]
[Date "2016.10.08"]
[Round "8.23"]
[White "Lalith, Babu M R"]
[Black "Lou, Yiping"]
[Result "1/2-1/2"]
[WhiteTitle "GM"]
[BlackTitle "IM"]
[WhiteElo "2586"]
[BlackElo "2458"]
[WhiteFideId "5024595"]
[BlackFideId "8603928"]
[EventDate "2016.10.01"]

1. Nf3 Nf6 2. c4 c5 3. Nc3 Nc6 4. d4 cxd4 5. Nxd4 e6 6. g3 Qb6 7. Nb3 Ne5 8. Bg2
Nxc4 9. O-O Be7 10. e4 d6 11. Qe2 Qa6 12. Rd1 Bd7 13. Bf1 Rc8 14. Rd4 Ne5 15.
Qxa6 bxa6 16. Rd1 Nc4 17. Rd4 Ne5 18. Kg2 Nc6 19. Rd1 a5 20. Bb5 Rb8 21. f3 Ne5
22. Bxd7+ Kxd7 23. Nxa5 Rhc8 24. f4 Nc4 25. Nxc4 Rxc4 26. Kf3 Kc6 27. Rd3 d5 28.
exd5+ Nxd5 29. Nxd5 exd5 30. b3 Rc2 31. Rd2 Rxd2 32. Bxd2 Ba3 33. Rb1 g6 34. Ke3
a6 35. Kd3 f5 36. Re1 Kd7 37. Bc3 Rb5 38. Re5 Bd6 39. Re2 Bf8 40. Bd4 Ba3 41.
Rc2 Be7 42. Be5 Rc5 43. Bc3 Rb5 44. Rb2 Ba3 45. Rb1 Kc6 46. Kc2 Bd6 47. a4 Rb7
48. Kd3 Bb4 49. Re1 Bd6 50. b4 Kd7 51. Rb1 Bf8 52. Bd2 Bc5 53. Rb2 Be7 54. Rb1
Bc5 55. Kc3 Kc6 56. Rb3 Bg1 57. h3 h5 58. Kd3 Re7 59. Rc3+ Kb7 60. Rb3 Re4 61.
Kc2 Rc4+ 62. Kd1 Re4 63. Kc2 Rc4+ 64. Kd1 Re4 1/2-1/2